Francúzsko prezentuje svoj systém zhodnocovania obalov ako model pre krajiny EÚ

Smernice EÚ o obaloch. Francúzsky systém Eco-Emballage. Odlišnosti francúzskeho a nemeckého systému. Tetra Pak prispieva k minimalizácii obalov na skládkach.

Salvato in:
Dettagli Bibliografici
Autore principale: Lajčiaková, D.
Altri autori: Viceníková, A.
Natura: Capitolo di libro
Lingua:slovacco
Soggetti:
Tags: Aggiungi Tag
Nessun Tag, puoi essere il primo ad aggiungerne!!

MARC

LEADER 00000naa a2200000 4500
001 r020179
005 20221205102948.4
041 0 |a slo 
044 |a SK 
245 1 0 |a Francúzsko prezentuje svoj systém zhodnocovania obalov ako model pre krajiny EÚ  |c D. Lajčiaková, A. Viceníková 
520 |a Smernice EÚ o obaloch. Francúzsky systém Eco-Emballage. Odlišnosti francúzskeho a nemeckého systému. Tetra Pak prispieva k minimalizácii obalov na skládkach. 
610 2 0 |a obaly 
610 2 0 |a Francúzsko 
610 2 0 |a Nemecko 
610 2 0 |a hospodárstvo obalové 
610 2 0 |a smernice 
610 2 0 |a Európska únia 
100 1 |a Lajčiaková, D. 
700 1 |a Viceníková, A.